书目信息 |
| 题名: |
滑雪运动指南
|
|
| 作者: | 单兆鉴 编著 | |
| 分册: | ||
| 出版信息: | 北京 人民体育出版社 2004 |
|
| 页数: | 289页 | |
| 开本: | 20cm | |
| 丛书名: | ||
| 单 册: | ||
| 中图分类: | G863.1 | |
| 科图分类: | ||
| 主题词: | 雪上运动--基本知识 | |
| 电子资源: | ||
| ISBN: | 7-5009-2512-3 | |
| 000 | 00742nam0 2200217 45 | |
| 001 | 002670039 | |
| 005 | 20050411100240.1 | |
| 010 | @a7-5009-2512-3@dCNY19.00 | |
| 100 | @a20040625d2004 em y0chiy0110 ea | |
| 101 | 0 | @achi |
| 102 | @aCN@b110000 | |
| 105 | @aa z 000yy | |
| 200 | 1 | @a滑雪运动指南@Ahua xue yun dong zhi nan@f单兆鉴编著@FDan Zhao Jian Bian Zhu |
| 210 | @a北京@c人民体育出版社@d2004 | |
| 215 | @a289页@c彩图,插图@d20cm | |
| 330 | @a本书配合大量技术动作图示,从作为中国首位滑雪冠军的角度,阐述了初学滑雪十禁忌,高山滑雪常用术语,滑雪基本技术、转变、及穿滑雪板登山技术等。 | |
| 606 | 0 | @a雪上运动@x基本知识 |
| 690 | @aG863.1@v4 | |
| 701 | 0 | @a单兆鉴@4编著 |
| 801 | 0 | @aCN@bNLC@c20040720 |
| 905 | @b348057-061@dG863.1@e35@f5 | |
| 滑雪运动指南/单兆鉴编著.-北京:人民体育出版社,2004 |
| 289页:彩图,插图;20cm |
| ISBN 7-5009-2512-3:CNY19.00 |
| 本书配合大量技术动作图示,从作为中国首位滑雪冠军的角度,阐述了初学滑雪十禁忌,高山滑雪常用术语,滑雪基本技术、转变、及穿滑雪板登山技术等。 |
| ● |
| 相关链接 |
|
|
|
|
正题名:滑雪运动指南
索取号:G863.1/35
 
预约/预借
| 序号 | 登录号 | 条形码 | 馆藏地/架位号 | 状态 | 备注 |
| 1 | 0348057 | 203480571 | 第一样本阅览室/ [索取号:G863.1/35] | 在馆 | |
| 2 | 0348058 | 203480580 | 第四借阅区/ [索取号:G863.1/35] | 在馆 | |
| 3 | 0348059 | 203480599 | 第四借阅区/ [索取号:G863.1/35] | 在馆 | |
| 4 | 0348060 | 203480606 | 第四借阅区/ [索取号:G863.1/35] | 在馆 | |
| 5 | 0348061 | 203480615 | 第四借阅区/ [索取号:G863.1/35] | 在馆 |